000 00458nam a22001097a 4500
008 150623b xxu||||| |||| 00| 0 eng d
010 _8HCCRSARF:006
245 _aHIGH COURT CRIMINAL SESSION NO. 645 of 1970 Uganda Vs John Kwera
260 _aHigh Court Kampala
500 _3 (Original Criminal Case No. JMK.1116 of 1970 of the Chief Magistrate Court of Gulu at Gulu Before- C.O. Vatal,, Esq.,. Chief Mag )
500 _3Before: Hon Mr. Justice L.P.Saldanha
999 _c6613
_d6613